000 00816nam0a22002651 4500
001 rc\172920
005 20250620220257.0
010 _a5-7398-0001-3
_9100000
035 _a(NLR Aleph) 005434910
090 _a7616314
_c7616314
100 _a20030307d1992 |||y0rusy50 ca
101 0 _arus
102 _aRU
105 _ay |||||||||
200 1 _aЯ был агентом "Моссад"
_e[Перевод]
_fВиктор Островский, Клэйр Хой
210 _aМ.
_cАрт-пресс
_d1992
215 _a285, [2] с.
_d21
700 1 _aОстровский
_bВ.
_gВиктор
701 1 _7ca
_8rus
_aХой
_bК.
_f1940-
_gКлэр
_9266237
_3RU\NLR\AUTH\770266293
801 0 _aRU
_bNLR
_gpsbo
801 1 _aRU
_bELAR
_2rusmarc
852 _aNLR
_j93-3/1055
942 _cBOOK
980 _aNB